| 000 | 00935na a2200313 4500 | ||
|---|---|---|---|
| 001 | 15787 | ||
| 003 | MIRAKIL | ||
| 005 | 20181213154811.0 | ||
| 008 | 160929b tu 000 0 | ||
| 020 | _a9786054307777 | ||
| 035 | _a15787 | ||
| 040 |
_aMilas _btur _cTR-AnCHP |
||
| 082 |
_a956.22621 _bG35k 2010 |
||
| 090 | _a956.22621 G35k 2010 | ||
| 100 | _aGençay, Güngör | ||
| 222 | _aKuledibi | ||
| 245 |
_aDillerin renk demeti _bKuledibi _cGüngör Gençay ; editör Rozerin Doğan |
||
| 246 | _aKuledibi | ||
| 260 |
_aİstanbul _bHeyamola yayınları _c2010 |
||
| 300 |
_a155 s. _bres. _c20 sm. |
||
| 490 |
_aHeyamola Yayınları _v179 |
||
| 504 | _aKaynakça var. | ||
| 651 |
_aKuledibi (İstanbul) _xKültür _yTarih |
||
| 651 |
_aKuledibi (İstanbul) _xGezi ve tanıtım |
||
| 651 |
_aİstanbul _xKültür _yTarih |
||
| 651 |
_aİstanbul _xTarih _yGezi ve tanıtım |
||
| 700 | _aDoğan, Rozerin | ||
| 942 |
_2ddc _cBKS |
||
| 999 |
_c1059 _d1059 |
||